Perspectivas europeas para una criminología crítica (Registro nro. 320340)

Detalles MARC
000 -ENCABEZADO
Número de control [NR] 01032nam a22002537a 4500
005 - FECHA Y HORA DE LA ÚLTIMA TRANSACCIÓN
control field 20220113144635.0
008 - DE LONGITUD FIJA DE DATOS DE ELEMENTOS - INFORMACIÓN GENERAL
Elementos de longitud fija [NR] 220113s2011 ag |||gr|||| 00| 0 spa d
020 ## - NUMERO INTERNACIONAL NORMALIZADO PARA LIBROS [R]
Número Internacional Normalizado del libro [NR] 9789974676749
040 ## - FUENTE DE CATALOGACION [NR]
Agencia de catalogación original [NR] CO-BoUCM
Idioma de catalogación [NR] spa
Quien Cataloga Deissy Garcia
Quien Clasifica Deissy Garcia
041 1# - CODIGO DE IDIOMA [R]
Código de idioma para texto/pista de sonido o título separado [R] Español
Language code of original and/or intermediate translations of text eng
100 ## - ASIENTO PRINCIPAL--NOMBRE PERSONAL [NR]
Nombre personal [NR] Swaaningen, René van
ID Autoridad 172892
245 10 - MENCION DE TITULO [NR]
Título [NR] Perspectivas europeas para una criminología crítica
Mención de responsabilidad, etc. [NR] René van Swaaningen ; traducción directa del inglés por Silvia Susana Fernández ; versión revisada por Carlos Elbert
260 ## - PUBLICACION, DISTRIBUCION, ETC. (PIE DE IMPRENTA) [R]
Lugar de publicación, distribución, etc. [R] Buenos Aires
Nombre del editor, distribuidor, etc. [R] IB de F
Fecha de publicación, distribución, etc. [R] 2011
300 ## - DESCRIPCION FISICA [R]
Extensión [R] xvii, 436 páginas
490 0# - MENCION DE SERIE [R]
Mención de serie [R] Memoria criminológica
Designación numérica/secuencial del volumen [NR] 8
504 ## - NOTA DE BIBLIOGRAFIA, ETC. [R]
Nota de bibliografía, etc. [NR] Incluye referencias bibliográficas
650 #7 - ASIENTO SECUNDARIO DE MATERIA - TERMINO TEMATICO [R]
Término temático o nombre geográfico como elemento de entrada [NR] Criminología
Subdivisión geográfica [R] Europa
9 (RLIN) 172893
650 #7 - ASIENTO SECUNDARIO DE MATERIA - TERMINO TEMATICO [R]
Término temático o nombre geográfico como elemento de entrada [NR] Criminología
Subdivisión general [R] Estudios comparados
9 (RLIN) 172894
650 #7 - ASIENTO SECUNDARIO DE MATERIA - TERMINO TEMATICO [R]
Término temático o nombre geográfico como elemento de entrada [NR] Derecho penal
Subdivisión geográfica [R] Europa
9 (RLIN) 172895
650 #7 - ASIENTO SECUNDARIO DE MATERIA - TERMINO TEMATICO [R]
Término temático o nombre geográfico como elemento de entrada [NR] Seguridad pública
Subdivisión geográfica [R] Europa
9 (RLIN) 172896
700 1# - ASIENTO SECUNDARIO - NOMBRE PERSONAL [R]
9 (RLIN) 172891
Nombre personal [NR] Fernández, Silvia Susana
Término de relación [R] traductor
942 ## - ELEMENTOS DE ENTRADA AGREGADOS (KOHA)
Sistema de clasificación DEWEY
Tema principal Derecho
Tipo de ítem principal el descrito en 300a Libro
Edición 1
Clasificación 364.094
Parte restante de la signatura top. S971p
Título oculto en OPAC No
Existencias
Fecha de último préstamo Total préstamos Total Renewals Signatura topográfica Código de barras Última vez visto Ejemplar Costo de reposición Price effective from Tipo de ítem Perdido Sistema de clasificación Dañado No prestable Tipo de ítem específico Suprimido Ubicación habitual Ubicación actual Localización Fecha de creación Forma de adquisición Costo
31/01/2026 1 5 364.094 S971p 100168946 17/06/2026 Ej.1 26000.00 13/01/2022 Libro   DEWEY     Libro   Claustro Claustro 3er piso 13/01/2022 Donación 0.00